Opreteky s časom Časový manažment

Saved in:
Bibliographic Details
Main Author: Seiwert, Lothar J.
Other Authors: Greichen, Winfried U., Stanay, Gabriel
Format: Book
Language:Slovak
Published: Bratislava Alfa 1991
Edition:1. vyd.
Tags: Add Tag
No Tags, Be the first to tag this record!

MARC

LEADER 00000nam a2200000 4500
001 c023378
005 20221214094433.8
041 0 |a slo 
044 |a SK 
245 1 0 |a Opreteky s časom  |b Časový manažment  |c Lothar J. Seiwert, Winfried U. Greichen ; [Z nem. prel.] Gabriel Stanay 
250 |a 1. vyd. 
264 1 |a Bratislava  |b Alfa  |c 1991 
300 |a 58 s. 
100 1 |a Seiwert, Lothar J. 
700 1 |a Greichen, Winfried U. 
700 1 |a Stanay, Gabriel